| 000 | 00642nam a2200217 4500 | ||
|---|---|---|---|
| 001 | 110090 | ||
| 003 | ES-MaACL | ||
| 007 | t| | ||
| 008 | 061121s1976 sp r ||||1| spa d | ||
| 100 | 1 |
_aOraison, Marc. _987144 |
|
| 245 | 1 | 3 |
_aEl problema homosexual / _cMarc Oraison ; versión de Francisco Pérez Gutiérrez. |
| 260 |
_aMadrid : _bTaurus, _c1976. |
||
| 300 |
_a142 p. ; _c21 cm. |
||
| 490 | 1 | _aEnsayistas | |
| 700 | 1 |
_aPérez Gutiérrez, Francisco. _990927 |
|
| 830 | 0 |
_aEnsayistas _9177257 |
|
| 852 |
_aES-MaACL _jE-9971 _bR.94353 |
||
| 852 |
_aES-MaACL _jE-9965/Ej.1 _bR.94355 |
||
| 942 | _2udc | ||
| 999 |
_c110090 _d110090 |
||